000 00677nam a2200217 i 4500
001 77956
003 ES-MaACL
005 20250803063053.0
007 t|
008 041116s1923 fr ||||1| fre d
080 _a141.332
100 1 _aBlavatsky, H. P.,
_d1831-1891
_9148372
245 1 3 _aLa clef de la théosophie /
_cpar H. P. Blavatsky ; traduit de l'Anglais par Mme H. de Neufville.
250 _a3 éd.
260 _aParis :
_bEdition de la Famille Théosophique,
_c1923.
300 _a410 p. ;
_c19 cm.
650 7 _aTeosofía
_2embne
_917478
700 1 _aNeufville, H. de.
_985435
852 _aES-MaACL
_jE-10406
_bR.133707
999 _c77956
_d77956